| 000 | 00381nam a2200157Ia 4500 | ||
|---|---|---|---|
| 005 | 20240807062555.0 | ||
| 008 | 240806s9999||||xx |||||||||||||| ||eng|| | ||
| 041 | _aeng | ||
| 082 |
_a891.21 _bKALM |
||
| 100 | _aLalita Prasad Shukla | ||
| 245 | 0 |
_aMeghdoot / _cLalita Prasad Shukla |
|
| 260 | _bVargiya Hindi Parishad Kolkata | ||
| 300 | _a0 | ||
| 650 | _aSanskrit | ||
| 942 | _cBK | ||
| 999 |
_c23009 _d23009 |
||